<?xml version="1.0" encoding="UTF-8"?>
<record
    xmlns:xsi="http://www.w3.org/2001/XMLSchema-instance"
    xsi:schemaLocation="http://www.loc.gov/MARC21/slim http://www.loc.gov/standards/marcxml/schema/MARC21slim.xsd"
    xmlns="http://www.loc.gov/MARC21/slim">

  <leader>01607nam a2200229 a 4500</leader>
  <controlfield tag="005">20140410102136.0</controlfield>
  <controlfield tag="008">140318b2002    xxu||||| |||| 00| 0 eng d</controlfield>
  <datafield tag="020" ind1=" " ind2=" ">
    <subfield code="a">0226735370</subfield>
  </datafield>
  <datafield tag="041" ind1=" " ind2=" ">
    <subfield code="a">eng</subfield>
  </datafield>
  <datafield tag="044" ind1=" " ind2=" ">
    <subfield code="a">xxu</subfield>
  </datafield>
  <datafield tag="082" ind1="0" ind2="0">
    <subfield code="a">597.9</subfield>
    <subfield code="b">S26a</subfield>
  </datafield>
  <datafield tag="100" ind1="1" ind2=" ">
    <subfield code="a">Savage, Jay M.</subfield>
    <subfield code="9">22690</subfield>
  </datafield>
  <datafield tag="245" ind1="1" ind2="4">
    <subfield code="a">The Amphibians and reptiles of Costa Rica :</subfield>
    <subfield code="b">a herpetofauna between two continents, between two seas</subfield>
    <subfield code="c">Jay M. Savage ; fotograf&#xED;as de Michael Fogden y Patricia Fogden.</subfield>
  </datafield>
  <datafield tag="260" ind1=" " ind2=" ">
    <subfield code="a">Chicago</subfield>
    <subfield code="b">University of Chicago Press</subfield>
    <subfield code="c">2002</subfield>
  </datafield>
  <datafield tag="300" ind1=" " ind2=" ">
    <subfield code="a">934 p.</subfield>
    <subfield code="b">fot. (col), mapas</subfield>
  </datafield>
  <datafield tag="504" ind1=" " ind2=" ">
    <subfield code="a">Incluye referencias bibliogr&#xE1;ficas y glosario</subfield>
  </datafield>
  <datafield tag="505" ind1="8" ind2=" ">
    <subfield code="a">Machine generated contents note: PART 1 THE BASICS -- 1 Discovering a Tropical Herpetofauna -- 2 The Costa Rican Environment -- 3 Organization of the Systematic Accounts (How to Use This Book) -- PART 2 LIVING AMPHIBIANS -- 4 Amphibians (Class Amphibia) -- 5 Caecilians (Order Gmynophiona) -- 6 Salamanders (Order Caudata) -- 7 Frogs and Toads (Order Anura) -- PART 3 LIVING REPTILES -- 8 Reptiles (Class Reptilia) -- 9 Squamates (Order Squamata) -- 10 Lizards (Suborder Sauria) -- 11 Snakes (Suborder Serpentes) -- 12 Turtles (Order Testudinata) -- 13 Crocodilians (Order Crocodilia) -- PART 4 BIOGEOGRAPHY AND EVOLUTION -- 14 Ecological Distribution of the Herpetofauna -- 15 Geographic Distribution: Historical Units, Faunal Areas, Endemism, and General Patterns -- 16 Development of the Herpetofauna.</subfield>
  </datafield>
  <datafield tag="650" ind1=" " ind2="0">
    <subfield code="a">Reptiles </subfield>
    <subfield code="z">Costa Rica</subfield>
    <subfield code="9">23649</subfield>
  </datafield>
  <datafield tag="856" ind1=" " ind2=" ">
    <subfield code="u">http://www.loc.gov/catdir/toc/fy032/2001043717.html</subfield>
  </datafield>
  <datafield tag="942" ind1=" " ind2=" ">
    <subfield code="c">Impreso</subfield>
    <subfield code="0">1</subfield>
    <subfield code="2">z</subfield>
  </datafield>
  <datafield tag="945" ind1=" " ind2=" ">
    <subfield code="d">2006-01-17</subfield>
  </datafield>
  <datafield tag="999" ind1=" " ind2=" ">
    <subfield code="c">5183</subfield>
    <subfield code="d">5183</subfield>
  </datafield>
  <datafield tag="952" ind1=" " ind2=" ">
    <subfield code="0">0</subfield>
    <subfield code="1">0</subfield>
    <subfield code="2">ddc</subfield>
    <subfield code="4">0</subfield>
    <subfield code="7">0</subfield>
    <subfield code="8">GENERAL</subfield>
    <subfield code="I">INV2017</subfield>
    <subfield code="a">Bogota</subfield>
    <subfield code="b">Bogota</subfield>
    <subfield code="d">2006-01-17</subfield>
    <subfield code="e">Instituto</subfield>
    <subfield code="g">39000.00</subfield>
    <subfield code="l">2</subfield>
    <subfield code="o">LB-597.9 S26a</subfield>
    <subfield code="p">022911</subfield>
    <subfield code="r">2018-06-29 00:00:00</subfield>
    <subfield code="s">2018-05-28</subfield>
    <subfield code="t">Ej. 1</subfield>
    <subfield code="w">2012-12-04</subfield>
    <subfield code="x">Compra</subfield>
    <subfield code="y">LIBRO</subfield>
  </datafield>
</record>
